000 00406nam a22001817a 4500
003 MPLRDC
005 20220104124601.0
008 210129b ||||| |||| 00| 0 eng d
082 _a859.6 HFT
100 _a洪凡涛著
245 _a少女天鹅
_c
250 _a第一版
260 _a
_b山边社
_c1984
300 _b
490 _a中华童话文库
650 _a
942 _cBK
_o859.6 HFT
999 _c20499
_d20489